000 00351nam a2200133Ia 4500
008 240624s9999 xx 000 0 und d
041 _aeng
082 _a336.091724 MAR
100 _aBLEJER MARIO I
245 _aFINANCIAL POLICIES IN EMERGING MARKETS
260 _c2004
_aDelhi
_bPearson Education
300 _avi, : 259 : p. : cm. ; 23
365 _cRS
999 _c1776
_d1776